| 000 | 00472nam a2200181Ia 4500 | ||
|---|---|---|---|
| 001 | 43373 | ||
| 008 | 140425s9999 xx 000 0 und d | ||
| 020 | _aNA | ||
| 040 | _cPK-LaUMT | ||
| 082 |
_aRHC 891.4393 _bMAN-R |
||
| 100 | _aMansoor Ahmad Bajwa | ||
| 245 |
_aRoop bahroop (Urdu) _cMansoor Ahmad Bajwa |
||
| 260 |
_aLahore,Pakistan: _bIdarah-e-Mutubaat-e-Sulemani, _c1999 |
||
| 300 | _a264 p. | ||
| 546 | _aUR | ||
| 650 | _aPakistani literature-Urdu | ||
| 942 | _cBK | ||
| 999 |
_c41383 _d41383 |
||